Basket ball: defensa y ataque de hombre a hombre

Uloženo v:
Podrobná bibliografie
Hlavní autor: Bee, Clair (Autor)
Médium: Kniha
Jazyk:španělština
Vydáno: Buenos Aires Paidós 1956
Edice:Biblioteca de educación física
Témata:
Tagy: Přidat tag
Žádné tagy, Buďte první, kdo vytvoří štítek k tomuto záznamu!

MARC

LEADER 00000nam a2200000 a 4500
001 UCY9369
003 CL-VaPUC
008 950717e19560000AG |||||||||||||||||spa|d
082 0 4 |a 796.323  |b BEE  |2 21 
100 0 |a Bee, Clair  |e author  |9 341485 
245 1 0 |a Basket ball: defensa y ataque de hombre a hombre 
300 |a 219 p 
942 |c BK 
945 |d 19950717 00:00:00  |a mfernand 
260 |a Buenos Aires  |b Paidós  |c 1956 
650 7 |a BASQUETBOL  |2 CL-VaPUC  |9 341486 
650 7 |a JUEGOS DE PELOTA  |2 CL-VaPUC  |9 340284 
583 |a last modification  |c 19950717 00:00:00  |k Rodrigo Vera 
490 0 |a Biblioteca de educación física 
999 |c 236480  |d 236478 
952 |0 0  |1 0  |4 0  |6 796_323000000000000_BEE_1956  |7 0  |8 P  |9 244581  |a BIBEDU  |b BIBEDU  |c BIBEDU_PB  |d 2019-11-18  |i 1533673  |o 796.323 BEE 1956  |p 1533673  |r 2024-01-25  |w 2019-11-18  |y BK  |k EDU 
952 |0 0  |1 0  |4 0  |6 796_323000000000000_BEE_1956  |7 0  |8 P  |9 244582  |a BIBEDU  |b BIBEDU  |c BIBEDU_PB  |d 2019-11-18  |i 1533681  |o 796.323 BEE 1956  |p 1533681  |r 2024-01-25  |w 2019-11-18  |y BK  |k EDU 
952 |0 0  |1 0  |4 0  |6 796_323000000000000_BEE_1956  |7 0  |8 P  |9 244583  |a BIBEDU  |b BIBEDU  |c BIBEDU_PB  |d 2019-11-18  |i 153372K  |o 796.323 BEE 1956  |p 153372K  |r 2024-01-25  |w 2019-11-18  |y BK  |k EDU